LEADER 03804nam 2200733Ia 450 001 9910780434303321 005 20230721023428.0 010 $a9786613660459 010 $a1-136-43980-3 010 $a1-280-68351-1 010 $a1-282-16934-3 010 $a9786612169342 010 $a0-08-094942-8 035 $a(UkCvUL)(CKB)2420000000000673 035 $a(UkCvUL)(EBL)534986 035 $a(UkCvUL)(OCoLC)618512326 035 $a(UkCvUL)(SSID)ssj0000404325 035 $a(UkCvUL)(PQKBManifestationID)11264368 035 $a(UkCvUL)(PQKBTitleCode)TC0000404325 035 $a(UkCvUL)(PQKBWorkID)10344254 035 $a(UkCvUL)(PQKB)10287974 035 $a(UkCvUL)(MiAaPQ)EBC534986 035 $a(UkCvUL)992420000000000673 035 $a(MiAaPQ)EBC5292848 035 $a(MiAaPQ)EBC534986 035 $a(Au-PeEL)EBL534986 035 $a(CaPaEBR)ebr10378910 035 $a(CaONFJC)MIL366045 035 $a(OCoLC)618512326 035 $a(Au-PeEL)EBL5292848 035 $a(CaONFJC)MIL216934 035 $a(OCoLC)794904485 035 $a(EXLCZ)992420000000000673 100 $a20090317d2009 uy 0 101 0 $aeng 135 $aur|n|---||||| 181 $ctxt 182 $cc 183 $acr 200 10$aFurther techniques for coaching and mentoring$b[electronic resource] /$fDavid Megginson and David Clutterbuck 205 $a1st ed. 210 $aAmsterdam ;$aLondon $cButterworth-Heinemann$dc2009 215 $a1 online resource (266 p.) 300 $aDescription based upon print version of record. 311 $a1-138-43322-5 311 $a1-85617-499-9 320 $aIncludes bibliographical references and index. 327 $a""Further Techniques for Coaching and Mentoring ""; ""Copyright""; ""Contents""; ""Contributors""; ""Preface""; ""Acknowledgements""; ""Part 1 Contextualizing techniques""; ""Chapter 1 Introduction""; ""Part 2 Frameworks""; ""Chapter 2 Cognitive behavioural coaching""; ""Chapter 3 Coaching approaches derived from Gestalt""; ""Chapter 4 The transformative power of ontological coaching""; ""Chapter 5 Developing intuitive awareness""; ""Chapter 6 The discovery of a???writing as inquiry' in support of coaching practice""; ""Chapter 7 Mindfulness mentoring and the listening coach"" 327 $a""Chapter 8 Offering creative choices in mentoring and coaching""""Chapter 9 Techniques for coaching teams""; ""Part 3 Different foci for coach/mentoring techniques""; ""Chapter 10 Client focused techniques""; ""Chapter 11 Coach/mentor focused techniques""; ""Chapter 12 Process focused techniques""; ""Chapter 13 Conclusion: what we have learned about the place of techniques""; ""Bibliography""; ""Index"" 330 $aBuilding on the success of companion volume Techniques for Coaching and Mentoring, this new volume from coaching gurus David Clutterbuck and David Megginson is a practical, pragmatic guide to the knowledge and techniques you need for successful coaching and mentoring.Rather than adopting a particular school of coaching or mentoring, the authors pick the best from a range of models and frameworks that have developed since the first book published to help you enrich your practice. Further Techniques also features a new structure to make it more reader-friendly, with Part 1 putting the techniques 606 $aEmployees$xCoaching of 606 $aMentoring in business 615 0$aEmployees$xCoaching of. 615 0$aMentoring in business. 676 $a658.3124 700 $aClutterbuck$b David$0722724 701 $aMegginson$b David$f1943-$01545754 801 0$bMiAaPQ 801 1$bMiAaPQ 801 2$bMiAaPQ 906 $aBOOK 912 $a9910780434303321 996 $aFurther techniques for coaching and mentoring$93800837 997 $aUNINA LEADER 05513nam 22006135 450 001 9910298298903321 005 20250609110058.0 010 $a3-319-06542-4 024 7 $a10.1007/978-3-319-06542-7 035 $a(CKB)3710000000403937 035 $a(EBL)2093996 035 $a(SSID)ssj0001500647 035 $a(PQKBManifestationID)11820127 035 $a(PQKBTitleCode)TC0001500647 035 $a(PQKBWorkID)11520241 035 $a(PQKB)10044428 035 $a(DE-He213)978-3-319-06542-7 035 $a(MiAaPQ)EBC2093996 035 $a(PPN)185483690 035 $a(MiAaPQ)EBC3110070 035 $a(EXLCZ)993710000000403937 100 $a20150429d2015 u| 0 101 0 $aeng 135 $aur|n|---||||| 181 $ctxt 182 $cc 183 $acr 200 10$aHandbook for Azospirillum $eTechnical Issues and Protocols /$fedited by Fabricio Dario Cassán, Yaacov Okon, Cecilia M. Creus 205 $a1st ed. 2015. 210 1$aCham :$cSpringer International Publishing :$cImprint: Springer,$d2015. 215 $a1 online resource (514 p.) 300 $aDescription based upon print version of record. 311 08$a3-319-06541-6 320 $aIncludes bibliographical references and index. 327 $aPart I  Biochemistry and Molecular Biology Toolbox -- Chapter 1 Isolation, Identification and Biochemical Characterization of Azospirillum spp. and other Nitrogen-Fixing Bacteria -- Chapter 2 Molecular Tools for Identification and Characterization of Plant Growth Promoting Rhizobacteria with emphasis in Azospirillum spp -- Chapter 3 In situ Localization and Strain-Specific Quantification of Azospirillum and other Plant Growth Promoting Rhizobacteria Using Antibodies and Molecular Probes -- Chapter 4 Molecular Tools to Study Azospirillum sp. and other Related Plant Growth Promoting Rhizobacteria -- Chapter 5 Genomic Tools for the Study of Azospirillum and other Plant Growth Promoting Rhizobacteria -- Part II Physiology and Metabolism Toolbox -- Chapter 6 Chemotaxis and other Forms of Taxis Behaviors in Azospirillum spp -- Chapter 7 Phytohormones and other Plant Growth Regulators Produced by PGPR: The Genus Azospirillum -- Chapter 8 Inorganic Nitrogen Metabolism in Azospirillum spp -- Chapter 9 Nitric Oxide in Azospirillum and Related Bacteria: Production and Effects -- Chapter 10 Cell Aggregation, Attachment and Plant Interaction -- Chapter 11 Methods for Studying Biofilms in Azospirillum and other Plant Growth Promoting Rhizobacteria -- Chapter 12 Methods for Studying Phenotypic Variation in Azospirillum -- Chapter 13 Polyhydroxybutyrate in Azospirillum brasilense -- Chapter 14 Siderophores Production by Azospirillum: Biological Importance, Assessing methods and Biocontrol activity -- Chapter 15 Cell-Cell Communication in Azospirillum and Related Plant Growth Promoting Rhizobacteria -- Chapter 16 Methods to Study 1-Aminocyclopropane-1-Carboxylate Deaminase in Plant Growth Promoting Bacteria -- Chapter 17 Production of Volatile Organic Compounds in Plant Growth Promoting Rhizobacteria -- Chapter 18 Stress Physiology in Azospirillum and other Plant Growth Promoting Rhizobacteria -- Part III Biotic Interactions Toolbox -- Chapter 18 Alleviation of Abiotic and Biotic Stresses in Plants by Azospirillum -- Chapter 19 Interaction of Azospirillum spp. with Microalgae: a Basic Eukaryotic?Prokaryotic Model and its Biotechnological Applications -- Chapter 20 Pseudomonas and Azospirillum -- Chapter 21 Co?inoculation of Legumes with Azospirillum and Symbiotic Rhizobia -- Chapter 22 Interaction of Azospirillum and Mycorrhiza -- Part IV Agronomic and Industrial Applications Toolbox -- Chapter 23 Field Evaluation of Extensive Crops Inoculated with Azospirillum sp -- Chapter 24 Azospirillum spp. and Related Plant Growth Promoting Rhizobacteria Inocula Use in Intensive Agriculture -- Chapter 25 Inoculant Preparation and Formulations for Azospirillum spp -- Chapter 26 Protocol for the Quality Control of Azospirillum spp. Inoculants. 330 $aThe functional analysis of plant-microbe interactions has re-emerged in the past 10 years due to spectacular advances in integrative study models. This book summarizes basic and technical information related to the plant growth promoting rhizobacteria (PGPR) belonging to the genus Azospirillum, considered to be one of the most representative PGPR last 40 years. We include exhaustive information about the general microbiology of genus Azospirillum, their identification strategies; the evaluation of plant growth promoting mechanisms, inoculants technology and agronomic use of these bacteria and some special references to the genetic technology and use. 606 $aMicrobiology 606 $aMycology 606 $aEukaryotic Microbiology$3https://scigraph.springernature.com/ontologies/product-market-codes/L23020 606 $aMycology$3https://scigraph.springernature.com/ontologies/product-market-codes/L27000 615 0$aMicrobiology. 615 0$aMycology. 615 14$aEukaryotic Microbiology. 615 24$aMycology. 676 $a570 676 $a579 676 $a579.135 702 $aCassán$b Fabricio Dario$4edt$4http://id.loc.gov/vocabulary/relators/edt 702 $aOkon$b Yaacov$4edt$4http://id.loc.gov/vocabulary/relators/edt 702 $aCreus$b Cecilia M$4edt$4http://id.loc.gov/vocabulary/relators/edt 906 $aBOOK 912 $a9910298298903321 996 $aHandbook for Azospirillum$92505626 997 $aUNINA LEADER 03590nam 22006975 450 001 9910299759603321 005 20251230065433.0 010 $a94-017-9112-0 024 7 $a10.1007/978-94-017-9112-0 035 $a(CKB)3710000000228777 035 $a(EBL)1966744 035 $a(OCoLC)890383412 035 $a(SSID)ssj0001353950 035 $a(PQKBManifestationID)11868573 035 $a(PQKBTitleCode)TC0001353950 035 $a(PQKBWorkID)11322102 035 $a(PQKB)10080755 035 $a(MiAaPQ)EBC1966744 035 $a(DE-He213)978-94-017-9112-0 035 $a(PPN)181347164 035 $a(EXLCZ)993710000000228777 100 $a20140903d2014 u| 0 101 0 $aeng 135 $aur|n|---||||| 181 $ctxt 182 $cc 183 $acr 200 10$aDesign Computing and Cognition '12 /$fedited by John S. Gero 205 $a1st ed. 2014. 210 1$aDordrecht :$cSpringer Netherlands :$cImprint: Springer,$d2014. 215 $a1 online resource (636 p.) 300 $aDescription based upon print version of record. 311 08$a94-017-9111-2 320 $aIncludes bibliographical references and index. 327 $aPreface -- List of Reviewers -- Design by Analogy -- Design Cognition ? 1 -- Design Creativity -- Design Cognition ? 2 -- Design Generation -- Shape and Space -- Design Knowledge -- Design Function -- Design Processes -- Author Index. 330 $aDesign thinking, the label given to the acts of designing, has become a paradigmatic view that has transcended the discipline of design and is now widely used in business and elsewhere. As a consequence there is an increasing interest in design research. This is because of the realization that design is part of the wealth creation of a nation and needs to be better understood and taught. The continuing globalization of industry and trade has required nations to re-examine where their core contributions lie if not in production efficiency. Design is a precursor to manufacturing for physical objects and is the precursor to implementation for virtual objects. At the same time, the need for sustainable development requires the design of new products and processes, which feeds a movement towards design innovations and inventions. The papers in this volume are from the Fifth International Conference on Design Computing and Cognition (DCC?12) held at Texas A & M University, USA. They represent the state-of-the-art of research and development in design computing and design cognition. They are of particular interest to researchers, developers and users of advanced computation in design and those who need to gain a better understanding of designing. 606 $aEngineering design 606 $aComputer-aided engineering 606 $aDesign 606 $aCognitive psychology 606 $aEngineering Design 606 $aComputer-Aided Engineering (CAD, CAE) and Design 606 $aDesign 606 $aCognitive Psychology 615 0$aEngineering design. 615 0$aComputer-aided engineering. 615 0$aDesign. 615 0$aCognitive psychology. 615 14$aEngineering Design. 615 24$aComputer-Aided Engineering (CAD, CAE) and Design. 615 24$aDesign. 615 24$aCognitive Psychology. 676 $a153 676 $a620 676 $a620.0042 676 $a620.00420285 702 $aGero$b John S$4edt$4http://id.loc.gov/vocabulary/relators/edt 906 $aBOOK 912 $a9910299759603321 996 $aDesign Computing and Cognition '12$92215557 997 $aUNINA